000
00280nam a22001217a 4500
082
_a
150
_b
APJ/F
100
_a
ABDULKALAM,APJ
245
_a
THE FAMILY AND THE NATION
260
_a
INDIA
_b
HARPERCOLLINS PUBLISHERS
300
_a
211
650
_a
HISTORY OF INDIA
_z
INDIA
942
_c
BK
999
_c
5539
_d
5539